Districts in Bitlis - Statistics

General Stats
  • This quiz has been taken 7 times
  • The average score is 5 of 7
Answer Stats
District % Correct
Tatvan
100%
Adilcevaz
75%
Ahlat
75%
Bitlis Merkez
75%
Mutki
75%
Güroymak
50%
Hizan
25%
No matching quizzes found
Score Distribution
Percent of People with Each Score
Percentile by Number Answered
Your Score History
You have not taken this quiz